Wielki quiz o Ekstraklasie sezon 2023/24 - Statystyki

Ogólne statystyki
  • Ten quiz został rozwiązany 549 razy
    548 od ostatniego zresetowania
  • Średni wynik to 18 z 50
Statystyki odpowiedzi
Zagadnienie Odpowiedź % Poprawnych
Kto został mistrzem Ekstraklasy w sezonie 2023/24? Jagiellonia Białystok
83%
Kto został królem strzelców Ekstraklasy w sezonie 2023/24? Erik Expósito
82%
Barwy którego z wymienionych klubów w sezonie 2023/24 reprezentował Kamil Grosicki? Pogoń Szczecin
72%
Który z wymienionych klubów nie był beniaminkiem Ekstraklasy w sezonie 2023/24? Korona Kielce
68%
Kto został mistrzem jesieni Ekstraklasy w sezonie 2023/24? Śląsk Wrocław
67%
Które miejsce w Ekstraklasie w sezonie 2023/24 zajął Ruch Chorzów? 17
64%
Barwy którego klubu w sezonie 2023/24 reprezentował Ali Gholizadeh? Lech Poznań
61%
Kto został najlepszym strzelcem Cracovii? Benjamin Kallman
60%
W 26 kolejce Ekstraklasy padła bramka z 90 metrów strzelona przez bramkarza. Kto był autorem tego gola? Gabriel Kobylak
59%
Który z wymienionych trenerów zastąpił Coste Runjajicia na stanowisku trenera Legii Warszawa? Goncalo Feio
57%
Do jakiego klubu w zimowym okienku transferowym przeszedł Fabian Piasecki? Piast Gliwice
51%
Które dwa kluby do ostatniej kolejki walczyły o mistrzostwo Polski? Śląsk Wrocław i Jagiellonia
51%
Jakim wynikiem zakończyło się najwyższe zwycięstwo w Ekstraklasie w sezonie 2023/24? 6:0
49%
Kamil Glik jest podporą obrony Cracovii. Jakim wynikiem zakończył się jego debiut w Ekstraklasie w sezonie 2023/24 przeciwko Pogoni Szczecin? 1:5
48%
Z którego osiągnięcia zapamiętany zostanie Piast Gliwice z sezonu 2023/24? największej liczby remisów
45%
Największa liczba obcokrajowców w klubie Ekstraklasy w sezonie 2023/24 wynosiła 19 piłkarzy. Który klub mógł pochwalić się taką liczbą obcokrajowców? Raków Częstochowa
43%
Barwy jakiego klubu w sezonie 2023/24 reprezentował Kay Tejan? ŁKS Łódź
42%
Dziewczyna, którego z wymienionych piłkarzy jadła kamień z czajnika na transmisji na żywo? Mateusz Żukowski
39%
W którym klubie Daniel Myśliwiec jako trener zadebiutował w Ekstraklasie? Widzew Łódź
37%
Korona Kielce zaliczyła niebywałą serię bez porażek w 4 ostatnich meczach sezonu na własnym stadionie. Ile punktów udało się jej zdobyć tych meczach? 10
34%
Pierwsze zwolnienie trenera w Ekstraklasie w sezonie 2023/24 miało miejsce po 7 kolejce. Który z wymienionych trenerów został wtedy zwolniony? Janusz Niedźwiedź
34%
Jakim wynikiem zakończył się "ekstraklasowy dwumecz" pomiędzy Jagiellonią i ŁKS Łódź? 8:2
32%
Jedyne 2 stracone bramki w 2024 roku Lech Poznań zanotował dopiero 12 maja. Kto był strzelcem jednej z nich? Bartosz Salamon
32%
Który klub przed ostatnią kolejką miał zapewnione utrzymanie w Ekstraklasie? Cracovia
32%
W sezonie 2023/24 miało miejsce okrągłe zwycięstwo Śląska Wrocław w Ekstraklasie. Które? 500
30%
W sezonie 2023/24 padł pierwszy hat-trick dla Warty Poznań w Ekstraklasie w XXI wieku. Kto był jego autorem? Adam Zrelak
29%
Radomiak Radom wyrównał swój rekord najwyższego zwycięstwa w Ekstraklasie na wyjeździe - 3:0. Przeciwko jakiej drużynie tego dokonał? Legia Warszawa
29%
W sezonie 2023/24 został pobity rekord bramek strzelonych przez obrońcę w jednym sezonie Ekstraklasy w XXI wieku. Który z piłkarzy tego dokonał? Bartłomiej Wdowik
28%
Kto został pierwszym młodzieżowcem z hat-trickiem w Ekstraklasie od sezonu 2008/2009? Dawid Drachal
28%
Z którą drużyną w sezonie 2023/24 nie wygrał Widzew Łódź? Jagiellonia Białystok
28%
Ile meczów w 2024 roku udało się wygrać Cracovii różnicą minimum 5 bramek? 2
26%
Najmniejsza liczba obcokrajowców w klubie Ekstraklasy w sezonie 2023/24 wynosiła 5 piłkarzy. Który klub mógł pochwalić się taką liczbą obcokrajowców? Ruch Chorzów
26%
Ile remisów w sezonie 2023/24 zanotował Piast Gliwice? 16
25%
Który z wymienionych klubów stracił najwięcej bramek w sezonie 2023/24? Zagłębie Lubin
25%
W 29 kolejce zakończyła się seria 15 meczów bez porażki Rakowa Częstochowa u siebie. Kto zakończył ich serię? Górnik Zabrze
24%
Jak nazywa się trener, który zastąpił Piotra Stokowca na stanowisku trenera ŁKS Łódź? Marcin Martysiak
23%
Najwyższa średnia wieku piłkarzy klubów Ekstraklasy w sezonie 2023/24 wynosiła 26,8 lat. Który klub mógł pochwalić się taką średnią? Piast Gliwice
23%
Który zawodnik strzelił hat-tricka w meczu pierwszej kolejki Ekstrakalsy 2023/24? Tomas Pekhart
23%
W sezonie 2023/24 Widzew Łódź wygrał z Legią Warszawa. W którym roku po raz ostatni miała miejsce wygrana Widzewa z Legią? 15 kwietnia 2000 roku
22%
Który z wymienionych klubów strzelił najwięcej bramek w sezonie 2023/24? Pogoń Szczecin
22%
Pierwsza wygrana Ruchu Chorzów na wyjeździe miała miejsce w 30 kolejce sezonu 2023/24. Przeciwko jakiemu klubowi udało się ją odnieść? Śląsk Wrocław
22%
Z którą drużyną w sezonie 2023/24 nie przegrał Raków Częstochowa? Korona Kielce
20%
Które miejsce w tabeli zajęło Zagłębie Lubin? 8
19%
Stal Mielec to pogromca czołowych drużyn Ekstraklasy. Z którym zespołem nie udało się wygrać Stali w sezonie 2023/24? Raków Częstochowa
19%
Który piłkarz swoim atomowym uderzeniem ustrzelił bęben kibiców Zagłębia Lubin? Tomasz Pieńko
19%
Który sezon w Ekstraklasie w roli trenera rozgrywał Waldemar Fornalik? 20
17%
Po którym z wymienionych meczów został zwolniony Costa Runjajć z Legii Warszawa? 1:1 z liderem
15%
Która drużyna straciła najmniej bramek (13) na wyjeździe w całym sezonie 2023/24? Pogoń Szczecin
14%
Najniższa średnia wieku piłkarzy klubów Ekstraklasy w sezonie 2023/24 wynosiła 23,1 lat. Który klub mógł pochwalić się taką średnią? Śląsk Wrocław
9%
W której kolejce padł pierwszy remis Widzewa na własnym stadionie? 33 kolejka
2%
Nie znaleziono quizów pasujących do podanych kryteriów
Rozkład punktacji
Procent ludzi z każdym wynikiem
Percentyl według liczby udzielonych odpowiedzi
Twoja historia wyników
Nie rozwiązałeś tego quizu od ostatniego zresetowania